Statistics for Most Visited US States by Jetpunkers

Click here to take the quiz!

General Stats

  • This quiz has been taken 51 times
  • The average score is 13 of 15

Answer Stats

%State% Correct
55.1California
100%
61.2Florida
98%
65.9New York
98%
33.5Texas
96%
37.2Georgia
90%
45.6Pennsylvania
90%
39.4Illinois
86%
36.2Arizona
82%
36.4Massachusetts
82%
42.2Washington, DC
82%
36.5Nevada
76%
43.0New Jersey
76%
41.4Maryland
74%
42.1Virginia
70%
32.1North Carolina
62%

Score Distribution

Percentile by Number Answered

Percent of People with Each Score

Your Score History

You have not taken this quiz